Offices : a briefing and design guide (Record no. 86323)

MARC details
000 -LEADER
fixed length control field 00582cam a2200205 4500
008 - FIXED-LENGTH DATA ELEMENTS--GENERAL INFORMATION
fixed length control field 090401t1990 xxu||||| |||| 00| 0 eng d
020 ## - INTERNATIONAL STANDARD BOOK NUMBER
International Standard Book Number 0408500166
035 ## - SYSTEM CONTROL NUMBER
System control number (Sirsi) u6558
041 ## - LANGUAGE CODE
Language code of text/sound track or separate title eng
050 ## - LIBRARY OF CONGRESS CALL NUMBER
Classification number 725.23
100 ## - MAIN ENTRY--PERSONAL NAME
Personal name Bailey, Stephen
245 ## - TITLE STATEMENT
Title Offices : a briefing and design guide
260 ## - PUBLICATION, DISTRIBUTION, ETC.
Place of publication, distribution, etc. London
Name of publisher, distributor, etc. Butterworth Architecture
Date of publication, distribution, etc. 1990
300 ## - PHYSICAL DESCRIPTION
Extent xii,188p. : ill. ; 24x24cm.
350 ## - PRICE (NR) (BK AM CF MU VM SE) [OBSOLETE]
Price 45
490 ## - SERIES STATEMENT
Series statement Butterworth Architecture Briefing and Design Guides
Volume/sequential designation 3
650 ## - SUBJECT ADDED ENTRY--TOPICAL TERM
Topical term or geographic name entry element BUILT ENVIRONMENT-CONSTRUCTION DESIGN
942 ## - ADDED ENTRY ELEMENTS (KOHA)
Suppress in OPAC 0
948 ## - LOCAL PROCESSING INFORMATION (OCLC); SERIES PART DESIGNATOR (RLIN)
c (OCLC) 04/03/1997
Holdings
Withdrawn status Lost status Source of classification or shelving scheme Damaged status Not for loan Home library Current library Shelving location Date acquired Cost, normal purchase price Total Checkouts Full call number Barcode Date last seen Date last checked out Copy number Cost, replacement price Price effective from Koha item type
    Dewey Decimal Classification     London London Books 14/09/1999 45.00 5 725.23 30019819 06/08/2019 02/04/2003 1 45.00 06/08/2019 Book